00556nam a2200193Ia 4500003000400000005001700004008004100021040000700062041000800069082001300077100002300090245003600113260002000149300000900169650002000178942001300198999001900211952013200230OSt20251031144304.0250729s2003 xx 000 0 und d cAL aeng a954 HEBH aHebbar V R9223688 aHistory of India 1206-1856 A D) aMangalorec2003 a456p aHistory9223689 2ddccBED c236033d236033 00104070aALbALd2025-07-29eSchool Book Companyg120.00l0o954 HEBHpBED01352r2025-07-29 16:54:31v120.00w2025-07-29yBK